[Event "AUTO-BEG-272"]
[Site "http://www.queenalice.com/game.php?id=505831"]
[Date "2008.12.10"]
[Round "1"]
[White "danilokiel"]
[Black "Ben_Gurion"]
[Result "0-1"]
[WhiteElo "1240"]
[BlackElo "1304"]

1. d4 Nf6 2. c3 e5 3. dxe5 Ng4 4. f3 Nxe5 5. e3 Nbc6 6. f4 Ng6 7. b4 a6 8. g4
Qh4+ 9. Kd2 Be7 10. Nf3 Qf2+ 11. Qe2 Qxe2+ 12. Kxe2 d5 13. f5 Nh4 14. Nxh4 Bxh4
15. e4 dxe4 16. Ke3 O-O 17. Kxe4 Re8+ 18. Kd3 Bd7 19. Nd2 Rad8 20. Nf3 Bxf5+ 21.
Kc4 Be6+ 22. Kc5 Rd5+ 23. Kc4 Rf5+ 24. Kd3 Rxf3+ 25. Ke2 Rf2+ 26. Ke3 Bxg4+ 27.
Kd3 Rxf1 28. Rxf1 Be2+ 29. Kd2 Bxf1 30. c4 Bxc4 31. a3 Re2+ 32. Kc3 b5 33. Bf4
Bf6+ 34. Be5 Bxe5# 0-1

[Event "AUTO-BEG-287"]
[Site "http://www.queenalice.com/game.php?id=531355"]
[Date "2009.1.29"]
[Round "1"]
[White "Gera10"]
[Black "danilokiel"]
[Result "0-1"]
[WhiteElo "1287"]
[BlackElo "1291"]

1. e4 f6 2. d4 e5 3. dxe5 fxe5 4. Qh5+ g6 5. Qxe5+ Ne7 6. Qxh8 d5 7. Qxh7 dxe4
8. Bg5 Qd5 9. Bxe7 Bxe7 10. Qxg6+ Qf7 11. Qxe4 Nc6 12. Bb5 Bd7 13. Nf3 O-O-O 14.
Ne5 Nxe5 15. Qxe5 Rf8 16. O-O Bf6 17. Qc5 Bxb2 18. Bc4 Be6 19. Bxe6+ Qxe6 20.
Qxf8+ Kd7 21. Rd1+ Kc6 22. Nc3 Bxc3 23. Rab1 Qe2 24. Qh6+ Kc5 25. Rb3 Qxd1# 0-1

[Event "AUTO-BEG-287"]
[Site "http://www.queenalice.com/game.php?id=531356"]
[Date "2009.1.29"]
[Round "1"]
[White "danilokiel"]
[Black "Gera10"]
[Result "0-1"]
[WhiteElo "1307"]
[BlackElo "1235"]

1. d4 Nc6 2. e3 d5 3. f4 Nf6 4. c3 Bf5 5. b3 e6 6. c4 Nb4 7. Na3 Bg4 8. Be2 Bxe2
9. Qxe2 Ne4 10. Qb2 dxc4 11. bxc4 Nd3+ 12. Ke2 Nxb2 13. Bxb2 Bxa3 14. Bxa3 Qh4
15. g3 Qg4+ 16. Kd3 Nf2+ 17. Kd2 Nxh1 18. d5 O-O-O 19. Rb1 Qf5 20. Kc1 Nf2 21.
Ne2 exd5 22. cxd5 Qxd5 23. Kb2 Qd2+ 24. Kb3 Qxe2 25. Rb2 Qb5+ 26. Kc2 Qd3+ 27.
Kc1 Qd1# 0-1

[Event "AUTO-BEG-287"]
[Site "http://www.queenalice.com/game.php?id=531367"]
[Date "2009.1.29"]
[Round "1"]
[White "Blazek"]
[Black "danilokiel"]
[Result "0-1"]
[WhiteElo "1127"]
[BlackElo "1281"]

1. e4 e5 2. Bc4 Nf6 3. Nf3 a6 4. Ng5 b5 5. Nxf7 Qe7 6. Nxh8 Nxe4 7. Qh5+ g6 8.
Bf7+ Kd8 9. Qxh7 Nc6 10. Qxg6 Nc5 11. d4 Nxd4 12. Bg5 c6 13. Bxe7+ Kxe7 14. O-O
e4 15. Re1 Nxc2 0-1

[Event "AUTO-BEG-287"]
[Site "http://www.queenalice.com/game.php?id=531368"]
[Date "2009.1.29"]
[Round "1"]
[White "danilokiel"]
[Black "Blazek"]
[Result "1-0"]
[WhiteElo "1270"]
[BlackElo "1145"]

1. d4 e6 2. e3 Nf6 3. c3 c5 4. dxc5 Bxc5 5. Nf3 h6 6. Ne5 d6 7. b4 Bb6 8. Qa4+
Bd7 9. Bb5 dxe5 10. Nd2 a6 11. Ba3 Bxb5 12. Qb3 Nc6 13. O-O-O Ng4 14. Ne4 Qc7
15. c4 1-0

[Event "Challenge"]
[Site "http://www.queenalice.com/game.php?id=556701"]
[Date "2009.3.16"]
[Round "-"]
[White "danilokiel"]
[Black "Tourinho"]
[Result "0-1"]
[WhiteElo "1290"]
[BlackElo "1658"]

1. c4 Nc6 2. Nf3 Nf6 3. c5 e6 4. Nc3 Bxc5 5. Ng5 h6 6. Nge4 Nxe4 7. Nxe4 Bb6 8.
b3 d5 9. Ng3 O-O 10. e3 Ne7 11. h3 Ba5 12. a3 c5 13. a4 Nc6 14. Ba3 Bb4 15. Bb2
a6 16. Nh5 e5 17. Rc1 b6 18. f4 Re8 19. fxe5 Nxe5 20. g4 Qh4+ 21. Ke2 Bxg4+ 22.
hxg4 Qxh1 23. Nf4 Rad8 24. Bg2 Qxd1+ 25. Rxd1 d4 26. exd4 Nxg4+ 27. Kf3 Nf6 28.
dxc5 bxc5 29. Bc3 Bxc3 0-1

[Event "AUTO-BEG-287"]
[Site "http://www.queenalice.com/game.php?id=560127"]
[Date "2009.3.22"]
[Round "2"]
[White "godzilla"]
[Black "danilokiel"]
[Result "1-0"]
[WhiteElo "1651"]
[BlackElo "1321"]

1. d4 d5 2. c4 dxc4 3. Nf3 b5 4. a4 Qd5 5. Nc3 Qd8 6. axb5 g6 7. e4 e6 8. Bxc4
c6 9. bxc6 Nxc6 10. O-O Qb6 11. d5 exd5 12. exd5 Nb4 13. Bb5+ Kd8 14. Ne5 Nh6
15. Nc6+ Kd7 16. Nxb4+ Kd6 17. Ne4+ Kc7 18. Bf4+ Kb7 19. Bc6+ Qxc6 20. dxc6+ Kb6
21. Qd4+ Kb5 22. Nc3# 1-0

[Event "AUTO-BEG-287"]
[Site "http://www.queenalice.com/game.php?id=560128"]
[Date "2009.3.22"]
[Round "2"]
[White "danilokiel"]
[Black "godzilla"]
[Result "0-1"]
[WhiteElo "1294"]
[BlackElo "1654"]

1. e4 e6 2. f3 d5 3. exd5 exd5 4. Bb5+ c6 5. Ba4 Qh4+ 6. g3 Qxa4 7. b3 Qa5 8.
Qe2+ Be7 9. Nh3 Bxh3 10. c3 Bf5 11. O-O Bxb1 12. Rxb1 Qxa2 13. Rb2 Qa6 14. Qe3
Nd7 15. h4 O-O-O 16. f4 Re8 17. Re1 Bc5 18. d4 Rxe3 19. Rxe3 Qa1 20. Rc2 Qb1 21.
Ree2 Ba3 22. Re8+ Kc7 23. Ree2 Bxc1 0-1

[Event "AUTO-BEG-287"]
[Site "http://www.queenalice.com/game.php?id=560131"]
[Date "2009.3.22"]
[Round "2"]
[White "danilokiel"]
[Black "Gera10"]
[Result "0-1"]
[WhiteElo "1318"]
[BlackElo "1587"]

1. d4 d5 2. e3 e6 3. Nf3 Nc6 4. g4 Nf6 5. g5 Ne4 6. h3 Bd6 7. h4 Qe7 8. Nc3 Bb4
9. a3 Nxc3 10. bxc3 Bxc3+ 11. Nd2 Bxa1 12. Nb3 Bc3+ 13. Bd2 Bxd2+ 14. Qxd2 Qxa3
15. f4 Nb4 16. Nc1 a5 17. Bb5+ c6 18. Bf1 b6 19. Bg2 Ba6 20. c3 Nd3+ 21. Nxd3 f6
22. Rh3 h5 23. Qb2 Qa4 24. Qxb6 O-O 25. Nc5 Qa1+ 0-1

[Event "AUTO-BEG-287"]
[Site "http://www.queenalice.com/game.php?id=560132"]
[Date "2009.3.22"]
[Round "2"]
[White "Gera10"]
[Black "danilokiel"]
[Result "1-0"]
[WhiteElo "1592"]
[BlackElo "1313"]

1. e4 f6 2. d4 d6 3. Nc3 Na6 4. Bf4 b6 5. Be2 Nb4 6. a3 Na6 7. Bb5+ c6 8. Bxc6+
Bd7 9. Bxa8 Qxa8 10. Nd5 e6 11. Nc3 g5 12. Qh5+ Ke7 13. Bg3 d5 14. e5 Be8 15.
Qg4 Nh6 16. Qf3 fxe5 17. Bxe5 Rg8 18. Qf6+ Kd7 19. O-O-O Qc6 20. Nf3 b5 21. Nxg5
Nc7 22. f3 b4 23. axb4 Bg7 24. Qf4 1-0

[Event "Challenge"]
[Site "http://www.queenalice.com/game.php?id=560677"]
[Date "2009.3.24"]
[Round "-"]
[White "dandi27"]
[Black "danilokiel"]
[Result "1-0"]
[WhiteElo "1493"]
[BlackElo "1330"]

1. e4 d6 2. Nf3 Nf6 3. d3 Na6 4. a3 d5 5. e5 Ng4 6. h3 Nh6 7. Nc3 f6 8. exf6
exf6 9. Be2 c6 10. O-O c5 11. Bf4 d4 12. Nb5 Nf5 13. Nc7+ Nxc7 14. c4 Ne6 15.
Bd2 Bd6 16. Qa4+ Bd7 17. Qc2 Nf4 18. Bxf4 Bxf4 19. b3 O-O 20. g3 Bh6 21. a4 b6
22. g4 Nd6 23. Nh2 a6 24. Bf3 f5 25. Bxa8 Qxa8 26. Qe2 fxg4 27. Nxg4 Nf7 28.
Nxh6+ 1-0

[Event "Kraj´s Challenge"]
[Site "http://www.queenalice.com/game.php?id=561871"]
[Date "2009.3.26"]
[Round "-"]
[White "danilokiel"]
[Black "Krajnicov"]
[Result "0-1"]
[WhiteElo "1339"]
[BlackElo "1521"]

1. e4 e5 2. d3 Qf6 3. Nh3 g5 4. g4 Bc5 5. Be3 Bb6 6. Bxg5 Qg6 7. Nc3 c6 8. b3 h6
9. Bh4 d6 10. a4 Nf6 11. Rg1 Nxg4 12. f3 Ne3 13. Qe2 Bd4 14. Qd2 Qh5 15. Bf2
Nxf1 16. Kxf1 Qxh3+ 17. Rg2 Rg8 18. b4 Qxg2+ 19. Ke1 Qh1+ 20. Ke2 Qxa1 21. h3
Bxc3 22. Qd1 Qxa4 23. h4 Qxb4 24. h5 Rg2 25. Ke3 Bd4+ 0-1

[Event "Challenge"]
[Site "http://www.queenalice.com/game.php?id=573153"]
[Date "2009.4.17"]
[Round "-"]
[White "XadrezPirai"]
[Black "danilokiel"]
[Result "1-0"]
[WhiteElo "2215"]
[BlackElo "1298"]

1. g4 e5 2. Bg2 Nh6 3. h3 d6 4. d3 d5 5. Bxh6 gxh6 6. c4 dxc4 7. Qa4+ Bd7 8.
Qxc4 Bc6 9. Bxc6+ Nd7 10. Bd5 Qe7 11. Nf3 Nf6 12. Bxb7 Rd8 13. Nc3 1-0